| 000 | 01001nam a22002297a 4500 | ||
|---|---|---|---|
| 003 | BD-DhUL | ||
| 005 | 20190714155417.0 | ||
| 008 | 160904s2007 b | ||| |||| 000 0 b d | ||
| 020 | _a9847013100693(hbk) | ||
| 040 |
_aBD-DhUL _cBD-DhUL |
||
| 082 |
_a953 _bRAA |
||
| 100 | 1 | _aরেজা-ই-করীম, মুহম্মদ | |
| 245 | 1 | 0 |
_aআরব জাতির ইতিহাস / _cমুহম্মদ রেজা-ই-করীম |
| 250 | _a৫ম, ১ম মেরিট ফেয়ার সং | ||
| 260 |
_aঢাকা : _bমেরিট ফেয়ার, _c২০০৭. |
||
| 300 |
_a৪৪৮ পৃ. : _bচিত্র, মানচিত্র ; _c ২২ সেমি. |
||
| 365 |
_aBDT _b400 |
||
| 504 | _aগ্রন্থপঞ্জি: পৃ. ৪৪৭-৪৪৮ গ্রন্থপঞ্জিগত তথ্য সংবলিত | ||
| 650 | 0 |
_aআরব জাতি _xইতিহাস |
|
| 650 | 0 |
_aArab nations _x History |
|
| 942 |
_2ddc _cBK |
||
| 999 |
_c103989 _d103989 |
||